Rozpoznaj znane Beaty - Statystyki

Ogólne statystyki
  • Ten quiz został rozwiązany 69 razy
  • Średni wynik to 5 z 11
Statystyki odpowiedzi
Obrazkowy Odpowiedź % Poprawnych
Beata Kozidrak
92%
Beata Szydło
91%
Beata Tyszkiewicz
71%
Beata Tadla
63%
Beata Kempa
45%
Beata Pawlikowska
45%
Beata Olga Kowalska
25%
Beata Fido
20%
Beata Rybarska
9%
Beata Obertyńska
5%
Beata Cholewińska
3%
Nie znaleziono quizów pasujących do podanych kryteriów
Rozkład punktacji
Procent ludzi z każdym wynikiem
Percentyl według liczby udzielonych odpowiedzi
Twoja historia wyników
Nie rozwiązałeś tego quizu